000 00357nam a2200133 i 4500
001 bg
100 1 _aLUYBEN, William L.
245 0 _aModelowanie, symulacja i sterowanie procesów przemysłu chemicznego /
_cWilliam L. Luyben.
260 _aWarszawa,
_c1976.
040 _cBPK
041 _apol
942 _cKS
008 s pl f |000 0 pol
999 _c17198
_d17198
856 _uhttp://koha.tu.koszalin.pl/cgi-bin/koha/opac-detail.pl?biblionumber=17198
_yKatalog online BPK